000 00559nam a22002177a 4500
003 UA-OsUOA
001 48727
007 ta
008 20070911b un ||||| |||| 00| 0 ukr d
090 _a59(038)
_bС48
942 _cBK
040 _aUA-OsUOA
_bukr
_cUA-OsUOA
_dUA-OsUOA
245 _aСловник зоологічної номенклатури (1927 - 1928)
300 _a186 с.
955 _a2
041 _aukr
080 _a59(038)
260 _aК.
_bНаукова думка
_c2005
650 7 _a59 Зоологія
_2UDC
999 _c334840
_d334840